000 00746nam a2200253 i 4500
001 105911
003 ES-MaACL
005 20250824204722.0
007 t|
008 060912s1979 sp ||||1| spa d
020 _a84-02-06685-2
080 _a821.112.2-31"19"
100 1 _aGrass, Günter.
_959693
245 1 3 _aEl tambor de hojalata /
_cGünter Grass ; [traducción: Carlos Gerhard].
250 _a1ª ed.
260 _aBarcelona :
_bBruguera,
_c1979.
300 _a701 p. ;
_c18 cm.
490 1 _aLibro amigo ;
_v682
500 _aBiblioteca Juan Andrade.
700 1 _aGerhard, Carlos.
_956442
830 0 0 _aLibro amigo (Bruguera)
_v682
_9220624
852 _aES-MaACL
_jAND-933
_bR.110221
999 _c105911
_d105911